El proyecto SPRING: innovación social y su aporte a la problemática de la equidad en Latinoamérica

Saved in:
Bibliografiske detaljer
Main Authors: Escotorín Soza, Pilar (Author), Arana Sáenz, Iván (Author), Brundelius, Marc (Author)
Format: Bog
Sprog:spansk
Udgivet: Valparaíso PUCV 2014
Udgivelse:1a. ed
Fag:
Tags: Tilføj Tag
Ingen Tags, Vær først til at tagge denne postø!

MARC

LEADER 00000cam a2200000 a 4500
001 UCE9764
003 CL-VaPUC
008 151106e20140000cl |||||||||||||||||spa|d
020 |a 9789563587029 
082 0 4 |a 331.1377  |b ESC  |2 21 
100 0 |a Escotorín Soza, Pilar  |e author  |9 582685 
700 0 |a Arana Sáenz, Iván  |e author  |9 582686 
700 0 |a Brundelius, Marc  |e author  |9 582687 
245 1 3 |a El proyecto SPRING: innovación social y su aporte a la problemática de la equidad en Latinoamérica 
250 |a 1a. ed 
300 |a 151 p 
942 |c BK 
945 |d 20151106 14:16:00  |a dcastane 
260 |a Valparaíso  |b PUCV  |c 2014 
650 7 |a EQUIDAD SOCIAL  |2 CL-VaPUC  |9 489096 
650 0 |a Igualdad de oportunidades  |9 331873 
583 |a last modification  |c 20160307 11:29:31  |k Rodrigo Vera 
999 |c 361409  |d 361407 
952 |0 0  |1 0  |3 erb  |4 0  |6 331_137700000000000_ESC_2014  |7 0  |8 A  |9 471863  |a BIBCUR  |b BIBCUR  |i 5247055  |o 331.1377 ESC 2014  |p 5247055  |r 2025-04-22  |w 2019-11-24  |y BK  |z Catalogado en:20151106  |k PER 
952 |0 0  |1 0  |3 erb  |4 0  |6 331_137700000000000_ESC_2014  |7 0  |8 A  |9 471864  |a BIBDER  |b BIBDER  |i 5251931  |o 331.1377 ESC 2014  |p 5251931  |r 2023-01-25  |w 2019-11-24  |y BK  |z Catalogado en:20151127  |k DER 
952 |0 0  |1 0  |3 erb  |4 0  |6 331_137700000000000_ESC_2014  |7 0  |8 A  |9 471865  |a BIBCUR  |b BIBCUR  |i 5251664  |o 331.1377 ESC 2014  |p 5251664  |r 2025-04-22  |w 2019-11-24  |y BK  |z Catalogado en:20151127  |k BCB 
952 |0 0  |1 0  |3 erb  |4 0  |6 331_137700000000000_ESC_2014  |7 0  |8 A  |9 471866  |a BIBEDU  |b BIBEDU  |i 5251699  |o 331.1377 ESC 2014  |p 5251699  |r 2019-11-24  |w 2019-11-24  |y BK  |z Catalogado en:20151127  |k EDU 
952 |0 0  |1 0  |3 erb  |4 0  |6 331_137700000000000_ESC_2014  |7 0  |8 A  |9 471867  |a BIBGIM  |b BIBGIM  |i 5251729  |o 331.1377 ESC 2014  |p 5251729  |r 2025-01-15  |w 2019-11-24  |y BK  |z Catalogado en:20151127  |k GIM 
952 |0 0  |1 0  |3 erb  |4 0  |6 331_137700000000000_ESC_2014  |7 0  |8 A  |9 471868  |a BIBING  |b BIBING  |i 5251753  |o 331.1377 ESC 2014  |p 5251753  |r 2025-01-20  |w 2019-11-24  |y BK  |z Catalogado en:20151127  |k ING 
952 |0 0  |1 0  |3 erb  |4 0  |6 331_137700000000000_ESC_2014  |7 0  |8 A  |9 471869  |a BIBMEC  |b BIBMEC  |i 5251788  |o 331.1377 ESC 2014  |p 5251788  |r 2024-01-19  |w 2019-11-24  |y BK  |z Catalogado en:20151127  |k MEC 
952 |0 0  |1 0  |3 erb  |4 0  |6 331_137700000000000_ESC_2014  |7 0  |8 A  |9 471870  |a BIBEDU  |b BIBEDU  |i 5251842  |o 331.1377 ESC 2014  |p 5251842  |r 2019-11-24  |w 2019-11-24  |y BK  |z Catalogado en:20151127  |k LIT 
952 |0 0  |1 0  |3 erb  |4 0  |6 331_137700000000000_ESC_2014  |7 0  |8 A  |9 471871  |a BIBHIS  |b BIBHIS  |i 5251877  |o 331.1377 ESC 2014  |p 5251877  |r 2025-01-20  |w 2019-11-24  |y BK  |z Catalogado en:20151127  |k HIS 
952 |0 0  |1 0  |2 ddc  |3 erb  |4 0  |6 331_137700000000000_ESC_2014  |7 0  |8 A  |9 471872  |a BIBALI  |b BIBALI  |c GEN  |i 5251907  |o 331.1377 ESC 2014  |p 5251907  |r 2025-01-20  |w 2019-11-24  |y BK  |z Catalogado en:20151127  |k ALI 
952 |0 0  |1 0  |3 erb  |4 0  |6 331_137700000000000_ESC_2014  |7 0  |8 A  |9 471873  |a BIBMAT  |b BIBMAT  |c E_DIDACT  |i 5251818  |o 331.1377 ESC 2014  |p 5251818  |r 2025-01-07  |w 2019-11-24  |y BK  |z Catalogado en:20151127  |k MAT 
952 |0 0  |1 0  |3 erb  |4 0  |6 331_137700000000000_ESC_2014  |7 0  |8 R  |9 471874  |a BIBEDU  |b BIBEDU  |i 5251966  |o 331.1377 ESC 2014  |p 5251966  |r 2023-01-12  |w 2019-11-24  |y BK_R  |z Catalogado en:20151127  |k MUS 
952 |0 0  |1 0  |3 erb  |4 0  |6 331_137700000000000_ESC_2014  |7 0  |8 A  |9 471875  |a BIBAGR  |b BIBAGR  |i 5251990  |o 331.1377 ESC 2014  |p 5251990  |r 2025-01-20  |w 2019-11-24  |y BK  |z Catalogado en:20151127  |k AGR 
952 |0 0  |1 0  |3 erb  |4 0  |6 331_137700000000000_ESC_2014  |7 0  |8 P  |9 471877  |a BIBARQ  |b BIBARQ  |i 5252059  |o 331.1377 ESC 2014  |p 5252059  |r 2025-01-20  |w 2019-11-24  |y BK  |z Catalogado en:20151127  |k ARQ 
952 |0 0  |1 0  |3 erb  |4 0  |6 331_137700000000000_ESC_2014  |7 0  |8 A  |9 471878  |a BIBCUR  |b BIBCUR  |i 5252083  |o 331.1377 ESC 2014  |p 5252083  |r 2025-04-22  |w 2019-11-24  |y BK  |z Catalogado en:20151127  |k PER 
952 |0 0  |1 0  |3 erb  |4 0  |6 331_137700000000000_ESC_2014  |7 0  |8 A  |9 471879  |a BIBENE  |b BIBENE  |i 5252113  |o 331.1377 ESC 2014  |p 5252113  |r 2025-01-15  |w 2019-11-24  |y BK  |z Catalogado en:20151127  |k ICO 
952 |0 0  |1 0  |3 erb  |4 0  |6 331_137700000000000_ESC_2014  |7 0  |8 ?  |9 471880  |a FDOBUD  |b FDOBUD  |i 5252148  |o 331.1377 ESC 2014  |p 5252148  |r 2019-11-24  |w 2019-11-24  |y BK  |z Catalogado en:20151127  |k FHP 
952 |0 0  |1 0  |3 erb  |4 0  |6 331_137700000000000_ESC_2014  |7 0  |8 A  |9 471881  |a BIBING  |b BIBING  |i 5252172  |o 331.1377 ESC 2014  |p 5252172  |r 2025-01-20  |w 2019-11-24  |y BK  |z Catalogado en:20151127  |k EII 
952 |0 0  |1 0  |3 erb  |4 0  |6 331_137700000000000_ESC_2014  |7 0  |8 ED_SUP  |9 471882  |a BIBGIM  |b BIBGIM  |c S_PSTGRDO  |i 5252199  |o 331.1377 ESC 2014  |p 5252199  |r 2025-01-15  |w 2019-11-24  |y BK  |z Catalogado en:20151127  |k ESU